000 00391nam a2200169Ia 4500
008 230524s9999 xx 000 0 und d
020 _a9814033464
082 _a4
_bNIL
100 _aNils J.Nilsson
245 0 _aArtificial Intelligence
250 _a3RD
260 _aNEW DELHI
_bPearson
_c2000
300 _aXXI;513
500 _aQuantity Number: 5
650 _aComp-Sc
942 _cBK
999 _c4313
_d4313